| 000 | 00484 a2200193 4500 | ||
|---|---|---|---|
| 005 | 20260206115923.0 | ||
| 008 | 260206b |||||||| |||| 00| 0 eng d | ||
| 020 |
_a9789363989290 _cRs. 2795.00 |
||
| 040 | _aMAIN | ||
| 082 |
_a301.01 _bB456F(2) |
||
| 100 | _a Bernard, L L | ||
| 245 | _aFields and methods of sociology | ||
| 250 | _a2nd | ||
| 260 |
_bNation Press _c2026 _aNew Delhi |
||
| 300 | _axvi, 529 | ||
| 650 | _aSociology | ||
| 650 | _a Social Science | ||
| 942 | _cBK | ||
| 999 |
_c394559 _d394559 |
||